00821nam a2200265Ic 450000100060000000300100000600500170001600700030003300800410003602000160007704000350009304100080012808200110013608400060014710000390015324500910019225000220028326400600030533600270036533700330039233800280042565000360045365000400048970000260052960174CO-BoRNBP20251212210519.0ta121119s9999 xx 000 0 und d a9586630407X aCO-BoRNBPbspaerdacCO-BoRNBP1 aspa04aN SHE1 a010aShelley, Mary Wollstonecraft,eaut10aFrankenstein /cMary W. Shelley ; traducción y presentación, Manuel Serrat Crespo. aPrimera edición 1aBogotá, Colombia :bpublisher not identified,c1986?] atextobtxt2rdacontent asin mediaciónbn2rdamedia avolumenbnc2rdacarrier17aNovela inglesaySiglo XIX2rnbp17aLiteratura inglesaySiglo XIX2rnbp10aSerrat Crespo, Manuel